[Event "Ronne Jubilaum"]
[Site "Ronne"]
[Date "2001.06.27"]
[Round "6"]
[White "Carlsen, Magnus"]
[Black "Lindberg, Henrik"]
[Result "0-1"]
[WhiteElo "2288"]
[BlackElo "2210"]
[PlyCount "106"]
[EventDate "2001.06.24"]
[EventType "swiss"]
[EventRounds "9"]
[EventCountry "DEN"]
[SourceTitle "EXT 2023"]
[Source "ChessBase"]
[SourceDate "2022.10.05"]
[SourceVersion "1"]
[SourceVersionDate "2022.10.05"]
[SourceQuality "1"]

1. e4 c5 2. Nf3 Nc6 3. Nc3 g6 4. d4 cxd4 5. Nxd4 Bg7 6. Be3 Nf6 7. Bc4 O-O 8. Bb3 a5 9. a4 Ng4 10. Qxg4 Nxd4 11. Qd1 Nxb3 12. cxb3 d6 13. Bd4 Be6 14. Bxg7 Kxg7 15. O-O Qb6 16. Nd5 Bxd5 17. Qxd5 Rac8 18. Rac1 Rc6 19. Rc4 $146 ({RR} 19. Rc3 Rfc8 20. Rf3 f6 21. Qe6 R8c7 22. Rc3 Qd4 23. Rfc1 Rxc3 24. bxc3 Qd2 25. Rf1 Qxc3 26. f4 Qe3+ 27. Kh1 Rc1 28. Qxe7+ Kh6 {0-1 (28) Ilic,A (2147)-Dimitrijevic,D (2135) Vrnjacka Banja 2015}) 19... Qxb3 20. Rxc6 Qxd5 21. exd5 bxc6 22. dxc6 Rc8 23. Rc1 Kf6 24. Kf1 Rc7 25. Rc4 Ke6 26. b4 axb4 27. Rxb4 Rxc6 28. Re4+ Kd7 29. g4 g5 30. h3 Rc3 31. Kg2 Ra3 32. f4 h6 33. f5 d5 34. Rb4 Kc6 35. Rb8 Rxa4 36. Rh8 d4 37. Rxh6+ Kd5 38. Rh8 Ke4 39. Rd8 Ra1 40. f6 e5 41. Rd7 Ra2+ 42. Kg3 Ra3+ 43. Kg2 Ra2+ 44. Kg3 d3 45. Rxf7 Ra6 46. Kf2 Rd6 47. Ke1 Ke3 48. Re7 e4 49. f7 d2+ 50. Kd1 Rf6 51. Rd7 Rf1+ 52. Kc2 Rc1+ 53. Kb2 Rc8 0-1

[Event "Ronne Jubilaum"]
[Site "Ronne"]
[Date "2001.06.29"]
[Round "8"]
[White "Carlsen, Magnus"]
[Black "Baekgaard, Martin"]
[Result "1/2-1/2"]
[WhiteElo "2288"]
[BlackElo "2270"]
[PlyCount "102"]
[EventDate "2001.06.24"]
[EventType "swiss"]
[EventRounds "9"]
[EventCountry "DEN"]
[SourceTitle "EXT 2023"]
[Source "ChessBase"]
[SourceDate "2022.10.05"]
[SourceVersion "1"]
[SourceVersionDate "2022.10.05"]
[SourceQuality "1"]

1. e4 e6 2. d4 d5 3. Nd2 Be7 4. Ngf3 Nf6 5. Bd3 c5 6. dxc5 dxe4 7. Nxe4 Nxe4 8. Bxe4 Qxd1+ 9. Kxd1 Bxc5 10. Ke2 Nd7 11. Be3 Ke7 ({RR} 11... Bxe3 12. Kxe3 Nc5 13. Rhd1 Ke7 14. Bd3 f6 15. Bc4 Bd7 16. b4 Na4 17. Rxd7+ Kxd7 18. Bb5+ Ke7 19. Bxa4 Rhc8 20. Bb3 a5 21. bxa5 Rxa5 22. Rd1 g6 23. Rd4 Rc7 24. Rh4 h5 25. Rb4 Rd7 26. Rb6 {Svidler,P (2753)-Yu,Y (2759) Shenzhen 2018 ½-½ (52)}) ({RR} 11... Bxe3 12. Kxe3 Nc5 13. Rhd1 Ke7 14. Rd4 Nxe4 15. Kxe4 Bd7 16. Ne5 Be8 17. Rb4 Rb8 18. f4 f6 19. Nd3 Bc6+ 20. Ke3 Rhd8 21. Re1 b6 22. g3 Rbc8 23. Re2 Be8 24. Rd4 Rxd4 25. Kxd4 Bg6 26. Rd2 {Postny,E (2551)-Manukyan,S (2253) chess.com INT 2023 0-1 (50)}) 12. c4 $146 ({RR} 12. Rhd1 Bxe3 13. Kxe3 Nf6 14. Ne5 Nxe4 15. Kxe4 f6 16. Nd3 b6 17. c4 Bb7+ 18. Ke3 Rac8 19. b3 Rhd8 20. Rac1 e5 21. f3 Rd4 22. Nf2 Rxd1 23. Rxd1 f5 24. Nd3 Kf6 25. Nb4 Ke6 26. a4 g5 {Gomez Garrido,C (2461)-Bruzon Batista,L (2615) Ciego de Avila 2010 ½-½}) ({RR} 12. Rhd1 Bxe3 13. Kxe3 Nc5 14. Rd4 Nxe4 15. Kxe4 Bd7 16. Ne5 Be8 17. Rad1 f6 18. Nc4 Rc8 19. Nd6 Bg6+ 20. Ke3 Rxc2 21. Nxb7 Rc7 22. Nd6 e5 23. R4d2 Rb8 24. Ne4 Rb4 25. Nc3 Bf7 26. g3 g5 {Marciano,D (2498)-Edouard,R (2666) Switzerland 2013 ½-½ (37)}) 12... a5 13. Bd2 Nf6 14. Bc2 b6 15. Rhd1 Bb7 16. Ba4 Rhd8 17. Rac1 Rac8 18. Bg5 h6 19. Be3 Bxe3 20. Kxe3 Rxd1 21. Bxd1 Ng4+ 22. Ke2 Bxf3+ 23. gxf3 Ne5 24. h3 Kd6 25. Rc2 Rc5 26. Ke3 Nc6 27. f4 g5 28. Rd2+ Ke7 29. fxg5 Re5+ 30. Kf4 Rf5+ 31. Ke3 Re5+ 32. Kf4 Rxg5 33. Bf3 Nb4 34. b3 Na6 35. Bc6 Rc5 36. Rd7+ Kf6 37. Bb5 Nc7 38. a4 Nxb5 39. axb5 a4 40. bxa4 Rxc4+ 41. Kg3 Rxa4 42. Rd6 Ke5 43. Rxb6 Ra3+ 44. Kg2 Rb3 45. Rb8 Kf4 46. b6 f5 47. b7 e5 48. Rh8 Rxb7 49. Rxh6 Rg7+ 50. Kf1 e4 51. Rh4+ Ke5 1/2-1/2

[Event "NOR Championship Group Elite"]
[Site "Roros"]
[Date "2002.07.06"]
[Round "1"]
[White "Carlsen, Magnus"]
[Black "Djurhuus, Rune"]
[Result "0-1"]
[WhiteElo "2214"]
[BlackElo "2480"]
[PlyCount "102"]
[EventDate "2002.07.06"]
[EventType "swiss"]
[EventRounds "9"]
[EventCountry "NOR"]
[SourceTitle "EXT 2023"]
[Source "ChessBase"]
[SourceDate "2022.10.05"]
[SourceVersion "1"]
[SourceVersionDate "2022.10.05"]
[SourceQuality "1"]

1. e4 c5 2. Nf3 d6 3. d4 cxd4 4. Nxd4 Nf6 5. Nc3 g6 6. Be3 Nc6 7. f3 Bg7 8. Qd2 O-O 9. O-O-O Bd7 10. Kb1 Rc8 11. g4 Ne5 12. Be2 Be6 ({RR} 12... b5 13. Ndxb5 Bxb5 14. Nxb5 Rb8 15. c4 a6 16. Nd4 Qc7 17. Rc1 Rb7 18. Nb3 Nfd7 19. f4 Nc6 20. c5 dxc5 21. e5 g5 22. Bxc5 Ndb8 23. Bf3 Rd8 24. Qe3 gxf4 25. Qxf4 Bxe5 26. Qg5+ Bg7 27. Be4 {Korneev,O (2560)-Fedorov,A (2595) Krasnodar 1998 0-1 (64)}) ({RR} 12... a6 13. h4 b5 14. h5 Be6 15. hxg6 Nxg6 16. Nf5 b4 17. Nd5 Bxd5 18. exd5 {1-0 (18) Perunovic,M (2501)-Vesovic,N (1812) Herceg Novi MNE 2025}) ({RR} 12... b5 13. Ncxb5 a6 14. Nc3 Nc4 15. Bxc4 Rxc4 16. b3 Qb8 17. Ka1 Rfc8 18. Nde2 Bxg4 19. e5 Bxf3 20. exf6 Bxf6 21. Bd4 Bxd4 22. Nxd4 Bxh1 23. Rxh1 Qb7 24. Rg1 R4c5 25. Rg3 {1-0 (25) Korneev,O (2566)-Carlsen,M (2484) Reykjavik 2004}) 13. Bh6 $146 ({RR} 13. h4 Qa5 14. Nxe6 fxe6 15. h5 Nc4 16. Bxc4 Rxc4 17. hxg6 hxg6 18. Bh6 Rf7 19. Bxg7 Rxg7 20. Rh2 g5 21. Rdh1 Nd7 22. Nd1 Qxd2 23. Rxd2 Ne5 24. Rf2 Rc8 25. b3 Rf8 26. Rh3 Rgf7 27. f4 Rxf4 {Klimes,J (1525)-Pisk,P (2331) Chess.com INT 2021 0-1 (32)}) ({RR} 13. h4 Qa5 14. Nxe6 fxe6 15. h5 Nc4 16. Bxc4 Rxc4 17. hxg6 hxg6 18. Bh6 Rf7 19. Bxg7 Rxg7 20. Rh2 g5 21. Rdh1 Nd7 22. Nd1 Qxd2 23. Rxd2 Ne5 24. Rf2 Rc8 25. b3 Rf8 26. Rh3 Rgf7 27. f4 Rxf4 {Klimes,J (1525)-Pisk,P (2331) Chess.com INT 2021 0-1 (32)}) 13... Bxh6 14. Qxh6 Rxc3 15. Nxe6 fxe6 16. bxc3 Qa5 17. Qd2 Rc8 18. c4 Qb6+ 19. Ka1 Nxc4 20. Bxc4 Rxc4 21. e5 Nd5 22. exd6 exd6 23. Rhe1 Qc5 24. Rxe6 Nb4 25. c3 Rxc3 26. Qf4 Qb5 27. Re8+ Qxe8 28. Qxb4 Qe5 29. Kb1 Rc6 30. Qd4 Qxh2 31. Qd5+ Kg7 32. Qd4+ Kg8 33. Qd5+ Kf8 34. Qd4 Qc2+ 35. Ka1 Qc3+ 36. Qxc3 Rxc3 37. f4 Rc4 38. Rf1 Rc3 39. Rh1 Kg7 40. Re1 Kf6 41. g5+ Kf5 42. Re7 Kxf4 43. Rxb7 Kxg5 44. Rxh7 a5 45. Rb7 Rc5 46. Kb2 Kf4 47. Rf7+ Rf5 48. Rd7 g5 49. Rxd6 g4 50. Rd4+ Kf3 51. Rd3+ Ke2 0-1

[Event "Bergen Sommer op"]
[Site "Bergen"]
[Date "2002.07.23"]
[Round "4"]
[White "Carlsen, Magnus"]
[Black "Anagnostopoulos, Dimitrios"]
[Result "0-1"]
[WhiteElo "2214"]
[BlackElo "2446"]
[PlyCount "43"]
[EventDate "2002.07.20"]
[EventType "swiss"]
[EventRounds "9"]
[EventCountry "NOR"]
[SourceTitle "CBM 089 Extra"]
[Source "ChessBase"]
[SourceDate "2002.09.10"]
[SourceVersion "2"]
[SourceVersionDate "2002.09.10"]
[SourceQuality "1"]

1. e4 {Rogozenco,Dorian} c5 2. Nf3 d6 3. d4 cxd4 4. Nxd4 Nf6 5. Nc3 g6 6. Be3 Bg7 7. f3 Nc6 8. Qd2 O-O 9. O-O-O d5 10. exd5 Nxd5 11. Nxc6 bxc6 12. Nxd5 cxd5 13. Qxd5 Qc7 14. Qc5 Qb8 ({RR} 14... Qb7 15. Qa3 Bf5 16. Bd3 Rab8 17. b3 Rbc8 ({RR} 17... Rfc8 18. Bxf5 gxf5 19. Rd3 Qc7 20. c4 a5 21. Rhd1 Ra8 22. Rd7 Qe5 23. Bd4 Qf4+ 24. Kb1 Bf8 25. Qc1 Qxc1+ 26. Kxc1) 18. Bxf5 gxf5 19. Rd3 Qc6 20. c4 Qf6 21. Rhd1) 15. Qa3 ({RR} 15. b3 Bf5 16. Bd3 Rc8 17. Qa5 Rc3 18. Bxf5 Rxe3 19. Be4 Qf4 20. Bxa8 Rxb3+ ({RR} 20... Rd3+) 21. Rd2 Rb8 22. Bd5 Bh6 23. Rhd1) 15... a5 ({RR} 15... Be6 16. Ba6 Qe5 17. g3 ({RR} 17. Bd4 Qg5+ 18. Qe3 Qxg2) 17... Rad8 18. Bf4 ({RR} 18. Bc5 Bxa2 19. Bxe7 ({RR} 19. f4 Bh6 20. Rhe1) 19... Bh6+) ({RR} 18. Bxa7 Ra8 19. Bd4 Qc7 20. Bxg7 Kxg7 21. Rd4 ({RR} 21. b4 Qe5) 21... Rfc8) 18... Qf6 19. Rhe1 Bf5 20. Rxd8 Rxd8 21. c3 ({RR} 21. Bc4 Rc8 22. Bb3) 21... Qb6 22. Be3 Bh6 23. f4 ({RR} 23. Bxh6 Qf2) 23... Qc6 24. Bd2 ({RR} 24. Qxe7 Re8 25. Qxa7 Qe4 26. Re2 Qb1+ ({RR} 26... Rd8 27. Bd4 Qb1+ 28. Kd2 Qxb2+ 29. Ke3 Qc1+ 30. Kf2 Qh1) 27. Kd2 Bc2) 24... Qd5 ({RR} 24... Rd6 25. Bf1 Qd5 26. Re2 ({RR} 26. Rd1 Qe4) 26... Qd3) 25. Re2 e5 26. Qa4 exf4 27. gxf4 ({RR} 27. Re8+ Rxe8 ({RR} 27... Kg7 28. Rxd8 Qxd8 29. Bxf4) 28. Qxe8+) 27... Bxf4 28. Re8+ ({RR} 28. Bxf4 Qh1+) 28... Kg7 29. Qxf4 Rxe8 30. Bc4 {Adams,M (2746)-Fedorov,A (2575) Wijk aan Zee 2001 CBM 081 [Rogozenco,Dorian] 0-1 (31)}) 16. Bd4 ({RR} 16. c3 Be6 17. Bd3 Rc8 18. Be4 Ra6 19. Bd4 Qb4 20. Bxg7 Kxg7 21. Qxb4 axb4 22. Kc2 Rxa2 23. Rd3 b3+ 24. Kb1 Rc7 25. Rdd1 Rca7 26. Kc1 Ra1+ 27. Kd2 Rd7+ 28. Ke2 Bc4+ 29. Bd3 Rxd3 30. Rxa1 Rxc3+ {Jimenez Salas,M (2223)-Levkov,D (1984) chess.com INT 2025 0-1 (34)}) 16... Rd8 17. Qc5 $146 ({RR} 17. Bc3 Bh6+ 18. Bd2 Rxd2 19. Rxd2 Bf5 20. g3 Qb7 21. Qb3 Bxd2+ 22. Kxd2 Rd8+ 23. Kc1 Qd7 24. Bd3 a4 25. Qb5 Qd4 26. Re1 a3 27. Qe5 Qb4 28. bxa3 Qxa3+ 29. Qb2 Qa5 30. Qe5 Rd5 31. Qb8+ Kg7 {Danin,A (2314)-Kosintseva,T (2358) Vladimir 2002 ½-½ (32)}) 17... Bf5 18. Bc4 Rc8 19. Qd5 e6 20. Qxa8 Qxa8 21. Bxg7 Kxg7 22. Bd3 0-1

[Event "Kiel op 15th"]
[Site "Kiel"]
[Date "2002.08.13"]
[Round "5"]
[White "Carlsen, Magnus"]
[Black "Kopylov, Michael"]
[Result "0-1"]
[WhiteElo "2214"]
[BlackElo "2421"]
[PlyCount "104"]
[EventDate "2002.08.10"]
[EventType "swiss"]
[EventRounds "9"]
[EventCountry "GER"]
[SourceTitle "EXT 2003"]
[Source "ChessBase"]
[SourceDate "2002.11.25"]
[SourceVersion "1"]
[SourceVersionDate "2002.11.25"]
[SourceQuality "1"]

1. e4 Nf6 2. e5 Nd5 3. d4 d6 4. Nf3 g6 5. c4 Nb6 6. exd6 cxd6 7. Be2 Bg7 8. O-O O-O 9. Nc3 Nc6 10. Be3 Bg4 11. b3 d5 12. c5 Nc8 13. b4 a6 14. b5 axb5 15. Nxb5 e6 16. h3 Bxf3 17. Bxf3 N8e7 18. Qd2 Qa5 $146 ({RR} 18... Nf5 19. Rab1 Nxe3 20. fxe3 Bh6 21. Qf2 b6 22. cxb6 Qxb6 23. Bg4 Na5 24. Kh1 Nc4 25. Rfe1 Qd8 26. Rb3 Bg5 27. a3 Rb8 28. a4 Ra8 29. Be2 Rxa4 30. Bxc4 Rxc4 31. Ra3 Bh4 32. g3 Bg5 33. h4 {Spitzl,V (2365)-Tymrakiewicz,R (2168) chess.com INT 2024 0-1 (58)}) ({RR} 18... Nf5 19. Rab1 Nxe3 20. fxe3 Bh6 21. Qf2 b6 22. cxb6 Qxb6 23. Bg4 Na5 24. Kh1 Nc4 25. Rfe1 Qd8 26. Rb3 Bg5 27. a3 Rb8 28. a4 Ra8 29. Be2 Rxa4 30. Bxc4 Rxc4 31. Ra3 Bh4 32. g3 Bg5 33. h4 {Spitzl,V (2365)-Tymrakiewicz,R (2168) chess.com INT 2024 0-1 (58)}) 19. Qb2 e5 20. Rfd1 e4 21. Be2 Nf5 22. Nd6 Nxd6 23. cxd6 Ra7 24. Bb5 Qb6 25. Rab1 Rd8 26. Bxc6 Qxb2 27. Rxb2 bxc6 28. Rb6 Bf8 29. Rxc6 Bxd6 30. Bg5 Be7 31. Bxe7 Rxe7 32. Rdc1 Ra7 33. Rc8 Rxc8 34. Rxc8+ Kg7 35. Rc5 Rxa2 36. Rxd5 Ra1+ 37. Kh2 Ra3 38. Re5 f5 39. Re7+ Kh6 40. g4 Rd3 41. gxf5 gxf5 42. Rd7 f4 43. Rf7 Kg5 44. Re7 Rxd4 45. Rxh7 Rd2 46. Kg1 Rd1+ 47. Kh2 Rd2 48. Kg1 f3 49. Rg7+ Kf6 50. Rg4 Ke5 51. Rg8 Ra2 52. Rd8 Ra7 0-1

[Event "OSS Club Ch Group Master"]
[Site "Oslo"]
[Date "2002.10.24"]
[Round "3"]
[White "Carlsen, Magnus"]
[Black "Johannessen, Svein"]
[Result "0-1"]
[WhiteElo "2250"]
[BlackElo "2337"]
[PlyCount "65"]
[EventDate "2002.09.26"]
[EventType "swiss"]
[EventRounds "6"]
[EventCountry "NOR"]
[SourceTitle "EXT 2023"]
[Source "ChessBase"]
[SourceDate "2022.10.05"]
[SourceVersion "1"]
[SourceVersionDate "2022.10.05"]
[SourceQuality "1"]

1. e4 c5 2. c3 e6 3. d4 cxd4 4. cxd4 d5 5. e5 Nc6 6. Nf3 Nge7 7. Nc3 Nf5 8. a3 Bd7 9. Be2 Be7 10. O-O O-O 11. b4 Rc8 12. Qd3 ({RR} 12. Bb2 f6 13. exf6 Bxf6 14. Na4 Ncxd4 15. Bxd4 Nxd4 16. Nxd4 Bxa4 17. Qxa4 Bxd4 18. Rad1 Qf6 19. Bf3 Bb6 20. Qd7 Rc7 21. Qd6 Rc6 22. Qd7 Rf7 23. Qe8+ Rf8 24. Qd7 Qf7 25. Qxf7+ Kxf7 26. Rfe1 Rc2 {Nissinen,N (2171)-Caprio,G (2435) chess.com INT 2025 0-1 (36)}) 12... f6 13. g4 $146 ({RR} 13. Bf4 fxe5 14. Bxe5 Bf6 15. Rad1 Bxe5 16. dxe5 Be8 17. Nb5 a6 18. Nbd4 Nfxd4 19. Nxd4 Nxe5 20. Qe3 Qf6 21. f4 Nc4 22. Bxc4 dxc4 23. Nxe6 Rf7 24. Ng5 Rfc7 25. Rfe1 Bc6 26. Qg3 h6 27. Re6 Qf5 {Giessmann,S-Djingarova,E (2263) Genova 2000 0-1}) 13... fxe5 14. gxf5 e4 15. Nxe4 dxe4 16. Qxe4 Rxf5 17. b5 Rxf3 18. Bxf3 Nxd4 19. Rd1 e5 20. Be3 Bc5 21. Bg2 Qe8 22. Qxb7 Bxb5 23. Kh1 Rd8 24. Rab1 Ba4 25. Rd2 Bb6 26. Be4 Rd7 27. Qa6 Rc7 28. Qd3 g6 29. f4 Qc8 30. Bxd4 Bxd4 31. fxe5 Rc1+ 32. Kg2 Qg4+ 33. Qg3 0-1

[Event "EU-ch U12"]
[Site "Peniscola"]
[Date "2002.10.03"]
[Round "5"]
[White "Nepomniachtchi, Ian"]
[Black "Carlsen, Magnus"]
[Result "1-0"]
[WhiteElo "2306"]
[BlackElo "2214"]
[PlyCount "81"]
[EventDate "2002.09.29"]
[EventType "swiss"]
[EventRounds "9"]
[EventCountry "ESP"]
[SourceTitle "CBM 090 Extra"]
[Source "ChessBase"]
[SourceDate "2002.11.07"]
[SourceVersion "1"]
[SourceVersionDate "2002.11.07"]
[SourceQuality "1"]

1. e4 Nf6 2. e5 Nd5 3. Nf3 d6 4. d4 dxe5 5. Nxe5 g6 6. Bc4 c6 7. Nc3 Be6 8. O-O Nd7 9. Qf3 Bg7 10. Re1 O-O 11. Qg3 $146 ({RR} 11. Bb3 Nxe5 12. dxe5 Qc7 13. Nxd5 Bxd5 14. Qg3 Qd7 15. Bg5 h6 16. Bf4 Qf5 17. c4 Be6 18. Qe3 g5 19. Bg3 Qg6 20. Rad1 h5 21. h4 gxh4 22. Bxh4 Bh6 23. Qc3 Bg5 24. Bc2 Qh6 25. Qg3 {1-0 (25) Pandavos,E (2370)-Oney,A (2320) Nea Makri 1990}) ({RR} 11. Bb3 N7f6 12. Bg5 Nc7 13. Rad1 Nfd5 14. Qg3 f6 15. Nxd5 cxd5 16. Nxg6 fxg5 17. Nxf8 Kxf8 18. Qxg5 Bf7 19. Rd3 e6 20. Qf4 Kg8 21. Rg3 Ne8 22. c3 Qf6 23. Qg4 Nd6 24. Bc2 Nf5 25. Rf3 Bg6 {Sgnaolin,D (2213)-Robertsen,T (2273) Milan 2009 ½-½}) 11... Nxe5 12. dxe5 Nxc3 13. Qxc3 Bxc4 14. Qxc4 Qd5 15. Qe2 Rad8 16. Bg5 Qe6 17. Qe3 b6 18. a4 Rd5 19. Bf4 Qf5 20. Qe4 Qd7 21. c3 Rd8 22. h3 Qe6 23. Qe2 Rd3 24. a5 b5 25. a6 c5 26. Qe4 Qd5 27. Qxd5 R3xd5 28. Ra5 c4 29. Kf1 e6 30. Be3 R8d7 31. Bd4 Bf8 32. Rb1 Be7 33. b3 Bd8 34. Ra2 Rxd4 35. cxd4 c3 36. b4 Bg5 37. Rd1 Rc7 38. Rc2 Be7 39. d5 Bxb4 40. d6 Rc8 41. Rb1 1-0

[Event "EU-ch U12"]
[Site "Peniscola"]
[Date "2002.10.06"]
[Round "7"]
[White "Andreikin, Dmitry"]
[Black "Carlsen, Magnus"]
[Result "1-0"]
[WhiteElo "2369"]
[BlackElo "2214"]
[PlyCount "85"]
[EventDate "2002.09.29"]
[EventType "swiss"]
[EventRounds "9"]
[EventCountry "ESP"]
[SourceTitle "CBM 090 Extra"]
[Source "ChessBase"]
[SourceDate "2002.11.07"]
[SourceVersion "1"]
[SourceVersionDate "2002.11.07"]
[SourceQuality "1"]

1. e4 g6 2. d4 Bg7 3. Nc3 d6 4. Be2 Nd7 5. h4 c5 6. Be3 h5 7. Nf3 cxd4 8. Bxd4 Ngf6 9. Ng5 O-O $146 ({RR} 9... a6 10. a4 O-O 11. g4 hxg4 12. Bxg4 Nxg4 13. Bxg7 Kxg7 14. Qxg4 Nf6 15. Qg2 Rh8 16. O-O-O Qa5 17. Rdg1 Rh6 18. f4 Bd7 19. Qe2 Nh5 20. Qc4 Rf8 21. Qd4+ f6 22. b4 Qc7 23. Nd5 Qc6 24. Nxe7 {Doyle,J-McNab,C (2418) Glasgow 1999 0-1 (66)}) 10. f3 Ne5 11. Qd2 Nc6 12. Be3 Bd7 13. Bc4 Ne5 14. Bb3 b5 15. Nd5 Nxd5 16. Bxd5 Nc4 17. Bxc4 bxc4 18. c3 Qa5 19. Bd4 Rab8 20. Bxg7 Kxg7 21. O-O f6 22. Nh3 Bxh3 23. gxh3 Rb7 24. Kh1 Qe5 25. Qg2 f5 26. Rae1 Qf6 27. f4 Rb5 28. Rg1 Rf7 29. Re3 Kh7 30. Rg3 Rg7 31. Rg5 Rc5 32. Qe2 Qe6 33. Kh2 fxe4 34. Rxc5 dxc5 35. Re1 Qd6 36. Qxe4 Rf7 37. Kg3 Qd2 38. Re2 Qd1 39. Kg2 Qd3 40. Qe6 Kg7 41. Rf2 Qd6 42. Qxc4 e5 43. Qxf7+ 1-0

[Event "EU-ch U12"]
[Site "Peniscola"]
[Date "2002.10.08"]
[Round "9"]
[White "Carlsen, Magnus"]
[Black "Khairullin, Ildar"]
[Result "1/2-1/2"]
[WhiteElo "2214"]
[BlackElo "2329"]
[PlyCount "48"]
[EventDate "2002.09.29"]
[EventType "swiss"]
[EventRounds "9"]
[EventCountry "ESP"]
[SourceTitle "CBM 090 Extra"]
[Source "ChessBase"]
[SourceDate "2002.11.07"]
[SourceVersion "1"]
[SourceVersionDate "2002.11.07"]
[SourceQuality "1"]

1. e4 c5 2. Nf3 Nf6 3. Nc3 Nc6 4. e5 Ng4 5. Qe2 d6 6. exd6 Qxd6 7. d4 cxd4 8. Nb5 Qb8 9. Nbxd4 Nxd4 10. Nxd4 e5 11. h3 Nf6 12. Bf4 $146 ({RR} 12. Bg5 Bb4+ 13. c3 Be7 14. Nf3 e4 15. Bxf6 Bxf6 16. Qxe4+ Be6 17. Bb5+ Kf8 18. O-O g6 19. Nd4 Bc8 20. Rad1 Kg7 21. Rfe1 a6 22. Bc4 Qc7 23. Bb3 Bd7 24. Qd5 Rhf8 25. Nc2 Bc6 26. Qd6 Qxd6 {Dodgson,J (2141)-Fletcher,J Jersey 2004 ½-½ (62)}) 12... Bd6 13. Nb5 O-O 14. Bh2 Re8 15. O-O-O Bf8 16. Qe3 a6 17. Na3 b5 18. Be2 Qa7 19. Qxa7 Rxa7 20. Rhe1 Bc5 21. Bf3 Bd4 22. Be4 Nxe4 23. Rxe4 Rae7 24. Re2 f6 1/2-1/2

[Event "Wch U12"]
[Site "Heraklion"]
[Date "2002.11.22"]
[Round "9"]
[White "Susilodinata, Andrean"]
[Black "Carlsen, Magnus"]
[Result "0-1"]
[WhiteElo "2242"]
[BlackElo "2250"]
[PlyCount "78"]
[EventDate "2002.11.15"]
[EventType "swiss"]
[EventRounds "11"]
[EventCountry "GRE"]
[SourceTitle "CBM 091 Extra"]
[Source "ChessBase"]
[SourceDate "2003.01.09"]
[SourceVersion "1"]
[SourceVersionDate "2003.01.09"]
[SourceQuality "1"]

1. e4 Nf6 2. e5 Nd5 3. d4 d6 4. c4 Nb6 5. exd6 exd6 6. Nf3 Be7 7. Be2 O-O 8. O-O Bg4 9. b3 Nc6 10. Bb2 Bf6 11. Nbd2 Re8 12. Re1 d5 13. c5 Nd7 14. Rc1 Nf8 15. Ne5 Bxe2 16. Rxe2 Bxe5 17. dxe5 Nb4 $146 ({RR} 17... Ne6 18. Nf3 Ne7 19. Nd4 c6 20. Rc3 Qa5 21. Nxe6 fxe6 22. a3 Rf8 23. b4 Qc7 24. Rh3 Rf7 25. Ree3 Raf8 26. Ref3 Rxf3 27. Rxf3 Rxf3 28. Qxf3 Ng6 29. Kf1 Qf7 30. Qxf7+ Kxf7 31. g3 Ne7 32. f4 {Schumacher,D-Gruettner,R (2055) Bad Zwesten 1998 0-1 (90)}) 18. Rc3 Nxa2 19. Rg3 Ne6 20. Nf3 Nb4 21. Nd4 Nc6 22. Nf5 d4 23. Re4 Qd5 24. Qf3 Kf8 25. Rh4 Qxf3 26. gxf3 g6 27. Nxd4 Nexd4 28. Bxd4 Nxd4 29. Rxd4 Rxe5 30. b4 a5 31. f4 Re1+ 32. Kg2 a4 33. Ra3 Rb1 34. Rd7 Rb3 35. Ra2 a3 36. Rxc7 Rb2 37. Ra1 a2 38. Rd7 Rb1 39. Rd1 Rxd1 0-1

[Event "Troll Masters"]
[Site "Gausdal"]
[Date "2003.01.10"]
[Round "5"]
[White "Johansen, Paul Arne"]
[Black "Carlsen, Magnus"]
[Result "0-1"]
[WhiteElo "2239"]
[BlackElo "2279"]
[PlyCount "86"]
[EventDate "2003.01.07"]
[EventType "swiss"]
[EventRounds "10"]
[EventCountry "NOR"]
[SourceTitle "CBM 092 Extra"]
[Source "ChessBase"]
[SourceDate "2003.03.07"]
[SourceVersion "1"]
[SourceVersionDate "2003.03.07"]
[SourceQuality "1"]

1. e4 Nf6 2. Nc3 e5 3. d3 Nc6 4. Bg5 ({RR} 4. g3 d5 5. exd5 Nxd5 6. Bg2 Nxc3 7. bxc3 Bc5 8. Be3 Bb6 9. Ne2 Bg4 10. h3 Bh5 11. O-O Bxe3 12. fxe3 Qg5 13. Bxc6+ bxc6 14. Kf2 f5 15. Qd2 O-O 16. Kg2 Rae8 17. Rf2 Re6 18. Rg1 Rh6 {Tavoularis,N (2196)-Sowray,P (2364) Coulsdon 2005 0-1}) 4... Bb4 ({RR} 4... Be7 5. Qd2 d6 6. Nge2 Be6 7. d4 exd4 8. Nxd4 Nxd4 9. Qxd4 c5 10. Bb5+ Bd7 11. Qa4 Bxb5 12. Qxb5+ Qd7 13. Qxd7+ Kxd7 14. O-O-O Ng4 15. Bxe7 Kxe7 16. Nd5+ Kd7 17. Rd2 Ne5 18. Ne3 Rad8 19. Rhd1 {Pichuaga,J (1973)-Gonzalez Prestes,M (1596) Montevideo URU 2025 1-0 (38)}) 5. a3 Ba5 $146 ({RR} 5... Bxc3+ 6. bxc3 d6 7. Nf3 Bg4 8. h3 Bxf3 9. Qxf3 O-O 10. O-O-O Qe7 11. Be2 h6 12. Bh4 g5 13. Bg3 Qd7 14. Qe3 Na5 15. Bg4 Qb5 16. Kd2 Nc4+ 17. dxc4 Qxc4 18. Qd3 Qa2 19. Ra1 Qb2 20. Rab1 {Helbig,L-Wahl,F (681) Magdeburg 2012 0-1 (34)}) ({RR} 5... Bxc3+ 6. bxc3 d5 7. Bxf6 gxf6 8. exd5 Qxd5 9. Qh5 Be6 10. Be2 Qxg2 11. Bf3 Qg5 12. Qxg5 fxg5 13. Ne2 O-O-O 14. Rg1 Rhg8 15. Bxc6 bxc6 16. Rb1 f5 17. f3 Rg6 18. Rb4 Rdg8 19. Kf2 Rh6 20. Kg2 {Posch,J (1820)-Cornelissen,W (1995) Leeuwarden 2001 0-1 (45)}) 6. Nf3 h6 7. Bd2 d6 8. h3 Be6 9. Ne2 Bb6 10. c4 g5 11. g4 Qe7 12. Ng3 h5 13. gxh5 g4 14. Bg5 gxf3 15. Qxf3 Nd4 16. Qxf6 Qxf6 17. Bxf6 Rh6 18. Bg7 Rh7 19. h6 Nc2+ 20. Ke2 Nxa1 21. Nh5 Ke7 22. f4 Rah8 23. Bf6+ Ke8 24. Bxh8 Rxh8 25. h7 Ke7 26. f5 Rxh7 27. Ng3 Bd7 28. h4 Kf6 29. b4 Nc2 30. Kd2 Nd4 31. Bg2 c6 32. Rh3 Rh8 33. Kd1 a5 34. Nh1 axb4 35. axb4 Ra8 36. Rg3 Ra1+ 37. Kd2 Ra2+ 38. Kd1 c5 39. h5 Ne2 40. Rg8 Nc3+ 41. Ke1 cxb4 42. h6 Be3 43. h7 Ra1# 0-1

[Event "Troll Masters"]
[Site "Gausdal"]
[Date "2003.01.11"]
[Round "6"]
[White "Carlsen, Magnus"]
[Black "Nordahl, Helge Andreas"]
[Result "0-1"]
[WhiteElo "2279"]
[BlackElo "2303"]
[PlyCount "72"]
[EventDate "2003.01.07"]
[EventType "swiss"]
[EventRounds "10"]
[EventCountry "NOR"]
[SourceTitle "CBM 092 Extra"]
[Source "ChessBase"]
[SourceDate "2003.03.07"]
[SourceVersion "1"]
[SourceVersionDate "2003.03.07"]
[SourceQuality "1"]

1. e4 c5 2. Nf3 e6 3. d4 cxd4 4. Nxd4 Nc6 5. Nc3 a6 6. Be3 Nge7 7. Nb3 Ng6 8. Be2 Be7 9. a4 b6 10. O-O O-O 11. Qd2 ({RR} 11. f4 Bb7 12. Qe1 Rb8 13. Rd1 Nb4 14. Rd2 f5 15. exf5 Nh4 16. g4 Ng2 17. Qg3 Nxe3 18. Qxe3 exf5 19. g5 Re8 20. Qf2 Qc7 21. Rfd1 Rbd8 22. Bf1 Bf8 23. Bg2 Bc6 24. h4 g6 25. Rd4 Bxg2 {Suyarov,M (2482)-Flores Quillas,D (2387) Lima PER 2025 1-0 (51)}) 11... Qc7 12. Rad1 $146 ({RR} 12. f4 f6 13. a5 Nxa5 14. Nxa5 bxa5 15. Nd5 Qc6 16. Nxe7+ Nxe7 17. Rxa5 Rb8 18. b3 Qxe4 19. Bf3 Qg6 20. Qd6 Nf5 21. Rxf5 Qxf5 22. Qxb8 Qxc2 23. Rc1 Qd3 24. Kf2 Qb5 25. Qa8 Qxb3 26. Rxc8 {1-0 (26) Grochulski,G (1949)-Wyszomirski,K (1683) Milanowek 2009}) 12... Rb8 13. f4 f6 14. Nd5 exd5 15. exd5 Re8 16. Bh5 Na5 17. Nxa5 bxa5 18. f5 Bc5 19. Bxc5 Qxc5+ 20. Kh1 Re5 21. Bxg6 hxg6 22. fxg6 Rxb2 23. Rde1 Rxc2 24. Qd1 Rf2 25. Rxe5 fxe5 26. Rg1 Bb7 27. Qh5 Bxd5 28. Qh7+ Kf8 29. Qh8+ Bg8 30. Qh3 Qd6 31. Rb1 Rf6 32. Rc1 Rxg6 33. Qh8 Qd2 34. Rf1+ Ke7 35. Qh4+ Rf6 36. Re1 Qf4 0-1